000 00473pab a2200181 454500
008 180718b1997 xxu||||| |||| 00| 0 eng d
100 _aRingen, Stein
245 _aChildren, standard of living and distributions in the family
260 _c1997
300 _ap.21-41
362 _aJan
650 _aChild welfare
650 _aLiving conditions
650 _aStandard of living
700 _aHelpin, Brendan
773 _aJournal of Social Policy
909 _a34614
999 _c34614
_d34614